Central Library OPAC University of Rajshahi

The men who ruled India / (Record no. 26271)

MARC details
000 -LEADER
fixed length control field 00998nam a2200301 a 4500
001 - CONTROL NUMBER
control field 26271
003 - CONTROL NUMBER IDENTIFIER
rucl marc code BD-RjUL
005 - DATE AND TIME OF LATEST TRANSACTION
control field 20211209051007.0
008 - FIXED-LENGTH DATA ELEMENTS--GENERAL INFORMATION
fixed length control field 140320r19711963enkab b 001 0 eng d
035 ## - SYSTEM CONTROL NUMBER
System control number (BD-RjUL)26341
040 ## - CATALOGING SOURCE
Original cataloging agency CCL
Transcribing agency CCL
Modifying agency OCL
-- EQO
Language of cataloging eng
041 ## - LANGUAGE CODE
Language code of text/sound track or separate title eng
082 ## - DEWEY DECIMAL CLASSIFICATION NUMBER
Classification number 954.082
Author mark and year WOM 1971
090 ## - LOCALLY ASSIGNED LC-TYPE CALL NUMBER (OCLC); LOCAL CALL NUMBER (OCLC)
Classification number (OCLC) (R) ; Classification number, CALL (RLIN) (NR) DS463
Local cutter number (OCLC) ; Book number/undivided call number, CALL (RLIN) .M26 1963
100 1# - MAIN ENTRY--PERSONAL NAME
Personal name Woodruff, Philip
Dates associated with a name 1906-1999.
9 (RLIN) 80770
245 14 - TITLE STATEMENT
Title The men who ruled India /
Statement of responsibility, etc. by Philip Woodruff
Number of part/section of a work Volume II
Name of part/section of a work The Guardians
260 ## - PUBLICATION, DISTRIBUTION, ETC. (IMPRINT)
Place of publication, distribution, etc. London :
Name of publisher, distributor, etc. J. Cape,
Date of publication, distribution, etc. 1963 [reprinted 1971]
300 ## - PHYSICAL DESCRIPTION
Pagination 385 p . :
Illustrations ill., map ;
Size 23 cm.
490 1# - SERIES STATEMENT
Series statement Jonathan Cape paperback ;
Volume/sequential designation 9
504 ## - BIBLIOGRAPHY, ETC. NOTE
Bibliography, etc Includes bibliographical references and indexes.
505 0# - FORMATTED CONTENTS NOTE
Formatted contents note v. 1. The Founders -- v. 2. The Guardians.
651 #0 - SUBJECT ADDED ENTRY--GEOGRAPHIC NAME
Geographic name India
General subdivision History
Chronological subdivision 1000-1765.
9 (RLIN) 80771
Geographic name India
General subdivision History
Chronological subdivision British occupation, 1765-1947.
9 (RLIN) 80772
830 #0 - SERIES ADDED ENTRY--UNIFORM TITLE
Volume number/sequential designation 9
Uniform title Jonathan Cape paperback ;
942 ## - ADDED ENTRY ELEMENTS (KOHA)
Source of classification or shelving scheme Dewey Decimal Classification
Koha item type Books
Holdings
Lost status Source of classification or shelving scheme Damaged status Not for loan Collection code Permanent Location Current Location Shelving location Date acquired Source of acquisition Cost, normal purchase price Total Checkouts Full call number Date last seen Copy number Koha item type
  Dewey Decimal Classification     Non-fiction Central Library, University of Rajshahi Central Library, University of Rajshahi   26/08/1975 WUS 0.00   954.082 WOM V-2 1971 20/03/2014 C-3 Books
  Dewey Decimal Classification     Non-fiction Central Library, University of Rajshahi Central Library, University of Rajshahi   26/08/1975 WUS 0.00   954.082 WOM V-2 1971 20/03/2014 C-2 Books